000 01018cam a2200289 a 4500
001 000014596
003 DO-SdBNP
005 20231109102316.0
008 780127s1980 mx b 000 0 spa
040 _aDO-SdBNP
_bspa
_cBNPHU
049 _aBNGR
082 _a338.981
_bM339s, 1980
_222
100 1 _aMarini, Ruy Mauro.
_933043
245 1 0 _aSubdesarrollo y revolución /
_cRuy Mauro Marini ; edición Eugenia Huerta.
250 _a10a ed.
_bEdición corr. y aum.
260 _aMéxico :
_bSiglo Veintiuno Editores,
_c1980.
300 _axxiii, 204 p. ;
_c18 cm.
490 0 _aSociología y política
504 _aIncluye referencias bibliográficas.
650 4 _aPaíses en desarrollo
_xCondiciones económicas
_y1945
_933046
651 4 _aBrasil
_xCondiciones económicas
_y1945-
_933044
651 4 _aAmérica Latina
_xCondiciones económicas
_y1945-
_933045
700 1 _aHuerta, Eugenia
_eed.
_933047
830 0 _aSociología y política.
_917789
910 _aCatalogación derivada
942 _2ddc
_cLBS1
999 _c14182
_d14182